MDQL
is popping MORE tags! Check the
thread
!
Quizzes
Events
Quiz Creation
Community
Videos
Private Events
Remove Ads
Sign In
Join for FREE
Feedback
Dark Mode
Quiz Categories
Sports
Geography
Music
Movies
Television
Just For Fun
Miscellaneous
History
Literature
Language
Science
Gaming
Entertainment
Religion
Holiday
For Kids
Quiz Lab
Recent
Popular Today
Quiz Kudos Today
Editor Picks
Curator Picks
Quizzes by...
Day
Popularity
Type
Ratings
Length
Year
Community
Subscriptions
Recent Discussions
Orange Saloon
Badges
Playlists
Quests
Create
Leaderboards
Showdown
Live 5
Trivia Bingo
Activity
Puzzle Library
Sporcle Events
Private Events
Virtual Trivia
Globe League
Become a Host
Pub Owners
SporcleCon
Opinionation
Our Games
Videos
Blog
Mobile Apps
Partnerships
Remove Ads and Go Orange
Feedback
Music
Pop Music
The Beatles
Song
Album
Lyrics
Bands
Singers
Artist
Clip
Rock
Rap
Classical
Billboard
Country Music
Kpop
Taylor Swift
Music
Pop Music
The Beatles
Song
Album
Lyrics
Bands
Singers
Artist
Clip
Rock
Rap
Classical
Billboard
Country Music
Kpop
Taylor Swift
Random Quiz
Search Sporcle
×
Quiz Lab
Quiz Lab
Music
The Beatles
Type in answers that appear in a list
Type in answers that appear in a list
Classic
Best Score? Go Orange.
Beatle's Songs by Antonyms Stats
Can you name the Beatle's Songs by the loosely given Antonyms?
By
VAredsox
5m
21 Questions
531 Plays
531 Plays
531 Plays
Comments
Comments
Give Quiz Kudos
Give Quiz Kudos
-
- Ratings
hide this ad
Random Order
Randomize order of answers
Randomize order of answers
Replay
Link that replays current quiz
Next Quiz
Link to next quiz in quiz playlist
You Got
0%
They Got
Avg Score
79%
Avg Friend Score
Upgrade to see
Score Distribution
Jump to the score distribution portion of the page
Score
0/21
Timer
05:00
0
Plays Today
Antonym
Song
% Correct
''Goodbye, Hello''
''Hello, Goodbye''
95.1%
''Tomorrow''
''Yesterday''
93.2%
''An Easy Night's Day''
'' A Hard Day's Night''
92.8%
''Girls''
''Boys''
92.3%
''Moon Queen''
''Sun King''
91.5%
''A Night in the Death''
''A Day in the Life''
90.8%
''Can Sell You Hate''
''Can't Buy Me Love''
90.4%
''Purple Boat''
''Yellow Submarine''
88.7%
''You Were the Polar Bear''
''I Am the Walrus''
87.6%
''Hardcover Reader''
''Paperback Writer''
85.9%
''Park Your Boat''
''Drive My Car''
85.7%
Antonym
Song
% Correct
''When Your Ukulele Loudly Cheers''
''While My Guitar Gently Weeps''
84.6%
''Gen. Salt's Loved Heads Spade Soloist''
''Sgt. Pepper's Lonely Hearts Club Band''
83.6%
''None of What I Want is Hate''
''All You Need is Love''
82.9%
''Squid's Attic''
''Octopus's Garden''
79.8%
''You Didn't See Him Walking Here''
''I Saw Her Standing There''
79.7%
''Nickel Highway''
''Penny Lane''
73.4%
''Hindrance!''
''Help!''
65%
''Metal Garlic''
''Glass Onion''
62.1%
''Bye Poodle''
''Hey Bulldog''
50.1%
''Normal Understanding Concert''
''Magical Mystery Tour''
22.8%
Quiz Playlist
Details
Report
Send in Message
Add To Playlist
Classic:
Type in answers that appear in a list
Random Order:
Randomize order of answers
Last Updated: Feb 16, 2017
Quiz Scoreboard
CHALLENGE
Sign Up to Join the Scoreboard
Show All
Scores
Hide
Comments
May contain spoilers
Recently Published
1-10 Letter E Words III
by El_Dandy
Language
2m
Street Fighter Characters
by Artimus82
Gaming
60s
College Basketball Coaching Resumes
by pancakes188
Sports
9m
More to Explore
Quiz From the Vault
Featured Blog Post
Where Did the Easter Bunny Come From?
hide this ad
You Might Also Like...
Tags
Song Quiz
The Beatles Quiz
Antonym
Loosely
Today's Top Quizzes in Music
Browse Music
hide this ad
Today's Top Quizzes in The Beatles
Browse The Beatles
Top Contributed Quizzes in Music
1
Taylor Swift All Songs (2024)
2
Taylor Swift Logic Puzzle
3
Guess the Artist- 70s Songs
4
7-to-1: Billboard Hot 100 #1 Hits of 2010s
5
Sorting Albums and Songs
6
KPOP LOGIC QUIZ
7
Billboard Blitz: Aretha Franklin
8
Guess the Taylor Swift song (Mystery Song)
9
Guess The Taylor Swift Lyrics Song #1
10
Billboard Blitz: ABBA
Explore More
Trending Topics
Harry Potter
Disney
NBA
Kpop
Marvel
Crossword
Anime
The Office
Soccer
NFL
Country
Song
WWE
Pokémon
Puzzle
hide this ad
More By:
VAredsox
Quiz
Plays
Rating
Category
Featured
Created
U.S. State by Landmark
1,119
4.33
Geography
Feb 5, 2010
Beatle's Songs by Antonyms
531
3.14
Music
Jun 19, 2010
English Prepositions
274
5.00
Language
Jun 21, 2010
U.S. Wars by Generals
272
3.67
History
May 26, 2010
Treaties of Paris
118
5.00
History
May 31, 2010
Go to Creator's Profile
Score Distribution
Quiz Creator Spotlight
VAredsox
Follow
Send a Message
Quizzes Created
-
Created Quiz Play Count
-
More By This Creator
Popular Quizzes Today
1
Find the US States - No Outlines Minefield
2
Find the Countries of Europe - No Outlines Minefield
3
The Countries of the World
4
Find the US States
5
Risky Map Clicking: Biggest States A-Z
6
US States
7
Popular People in 1961
8
Movies - When Are They Set?
More Music Quizzes
Why dont we quiz
Quiz Lab
Trending Quizzes
Risky Map Clicking: Least Populous States A-Z
1-10 Letter G Words
1-10 Letter F Words
Countries of the World: 200 Million BC
Risky Map Clicking: Next State Alphabetically
Recently Updated
Rides in Walt Disney World
pecheneg
Most Oscar Losses (Acting)
pecheneg
Beyoncé Albums
pecheneg
Leaping Animals
pecheneg
Reality TV Shows (A-Z)
bhenderson79
Rickey Henderson's Hall of Fame Teammates
pecheneg
Champions League XIs: Arsenal
pecheneg
Quick Pick: Celebrities in WWE's Hall of Fame
aduchscher
A-Z Keypad Blitz II
pecheneg
Multiple Oscar Actors
pecheneg
Trending Topics
Crossword
NBA
Harry Potter
Anime
Disney
Kpop
Marvel
Country
Pokémon
Soccer
WWE
NFL
Puzzle
The Office
Song
Your Account Isn't Verified!
In order to create a playlist on Sporcle, you need to verify the email address you used during registration. Go to your
Sporcle Settings
to finish the process.
Report this User
Report this user for behavior that violates our
Community Guidelines
.
Details:
Send Report
Go to the Sporcle.com Mobile Site →
Comments